[Event "Bratto op-C 35th"]
[Site "Bratto"]
[Date "2015.08.28"]
[Round "6.1"]
[White "Merlotti, Marco"]
[Black "Franciosi, Claudio"]
[Result "1/2-1/2"]
[WhiteElo "1794"]
[BlackElo "1717"]
[PlyCount "48"]
[EventDate "2015.08.23"]
[EventType "swiss"]
[EventRounds "8"]
[EventCountry "ITA"]
[SourceTitle "EXT 2022"]
[Source "ChessBase"]
[SourceDate "2021.10.06"]
[SourceVersion "1"]
[SourceVersionDate "2021.10.06"]
[SourceQuality "1"]

1. Nf3 c5 2. c4 Nc6 3. Nc3 Nf6 4. g3 e6 5. Bg2 Be7 6. 0-0 0-0 7. d4 cxd4 8. Nxd4 Bc5 9. Nxc6 dxc6 10. Qxd8 Rxd8 11. Bg5 Be7 12. Rfd1 e5 13. Bxf6 Bxf6 14. Ne4 Be6 15. Nxf6+ gxf6 16. b3 Kf8 17. Kf1 Ke7 18. Ke1 f5 19. e3 e4 20. f3 exf3 21. Bxf3 Kf6 22. Rxd8 Rxd8 23. Rd1 Rxd1+ 24. Kxd1 Ke5 1/2-1/2

[Event "Bratto op-C 35th"]
[Site "Bratto"]
[Date "2015.08.25"]
[Round "3.1"]
[White "Merlotti, Marco"]
[Black "Colica, Daniele"]
[Result "1/2-1/2"]
[WhiteElo "1794"]
[BlackElo "1663"]
[PlyCount "56"]
[EventDate "2015.08.23"]
[EventType "swiss"]
[EventRounds "8"]
[EventCountry "ITA"]
[SourceTitle "EXT 2022"]
[Source "ChessBase"]
[SourceDate "2021.10.06"]
[SourceVersion "1"]
[SourceVersionDate "2021.10.06"]
[SourceQuality "1"]

1. Nf3 Nf6 2. c4 e6 3. Nc3 Bb4 4. Qc2 c5 5. a3 Bxc3 6. Qxc3 0-0 7. b4 cxb4 8. axb4 Ne4 9. Qc2 d5 10. d3 Nd6 11. Bb2 f6 12. g3 dxc4 13. dxc4 Qc7 14. c5 Na6 15. Qb3 Nf7 16. Bg2 e5 17. 0-0 Re8 18. Nd2 Be6 19. Qc3 Rad8 20. Rfd1 Rd4 21. c6 Bd5 22. cxb7 Qxb7 23. Bxd5 Rxd5 24. Qc4 Re6 25. Nb3 Red6 26. Rxd5 Rxd5 27. Na5 Qb5 28. Qxb5 Rxb5 1/2-1/2

[Event "Bratto op-C 35th"]
[Site "Bratto"]
[Date "2015.08.24"]
[Round "2.1"]
[White "Colantonio, Marco"]
[Black "Merlotti, Marco"]
[Result "0-1"]
[WhiteElo "1662"]
[BlackElo "1794"]
[PlyCount "24"]
[EventDate "2015.08.23"]
[EventType "swiss"]
[EventRounds "8"]
[EventCountry "ITA"]
[SourceTitle "EXT 2022"]
[Source "ChessBase"]
[SourceDate "2021.10.06"]
[SourceVersion "1"]
[SourceVersionDate "2021.10.06"]
[SourceQuality "1"]

1. e4 e6 2. d4 d5 3. Nc3 Nf6 4. e5 Nfd7 5. f4 c5 6. Nf3 Nc6 7. Be3 Qb6 8. Na4 Qa5+ 9. c3 cxd4 10. Nxd4 Nxd4 11. Bxd4 b5 12. f5 Qxa4 0-1

[Event "Ceriano Laghetto op-B 21st"]
[Site "Ceriano Laghetto"]
[Date "2012.03.??"]
[Round "5"]
[White "Merlotti, Marco"]
[Black "Recanatini, Italo"]
[Result "1-0"]
[WhiteElo "1734"]
[BlackElo "1810"]
[PlyCount "101"]
[EventDate "2012.03.24"]
[EventType "swiss"]
[EventRounds "5"]
[EventCountry "ITA"]
[SourceTitle "EXT 2024"]
[Source "ChessBase"]
[SourceDate "2023.10.10"]
[SourceVersion "1"]
[SourceVersionDate "2023.10.10"]
[SourceQuality "1"]

1. d4 d5 2. c4 c6 3. Nc3 Nf6 4. e3 e6 5. Nf3 b6 6. Qc2 Bb7 7. b3 Nbd7 8. Be2 h6 9. Bb2 Bd6 10. 0-0 0-0 11. Rfe1 Rc8 12. Rad1 Re8 13. Qb1 Bb4 14. a3 Bxc3 15. Bxc3 Ne4 16. Ba1 f5 17. b4 Ba6 18. b5 cxb5 19. cxd5 exd5 20. Bxb5 Bxb5 21. Qxb5 Ndf6 22. Ne5 Nd6 23. Qd3 Nd7 24. Rc1 Nxe5 25. dxe5 Nc4 26. Qxf5 Nxa3 27. e6 Qe7 28. Rxc8 Rxc8 29. Qxd5 Nc2 30. Rc1 Rd8 31. Qe5 Nxa1 32. Qxa1 Qxe6 33. Qxa7 Rd6 34. Qb7 Kh7 35. g3 Rd2 36. Rc7 Qf6 37. Qe4+ Qg6 38. Qxg6+ Kxg6 39. Rc6+ Kf5 40. Rxb6 h5 41. h4 g6 42. Kg2 Ra2 43. Kf3 Ra3 44. Rb5+ Kf6 45. Kf4 Ra6 46. e4 Re6 47. e5+ Kg7 48. Kg5 Kh7 49. Rb7+ Kh8 50. f4 Ra6 51. Kh6 1-0

[Event "Milan Crespi op-B 31th"]
[Site "Milan"]
[Date "2010.12.08"]
[Round "7"]
[White "Calzolari, Giampietro"]
[Black "Merlotti, Marco"]
[Result "1/2-1/2"]
[WhiteElo "1859"]
[BlackElo "1797"]
[PlyCount "36"]
[EventDate "2010.12.04"]
[EventType "swiss"]
[EventRounds "7"]
[EventCountry "ITA"]
[SourceTitle "EXT 2024"]
[Source "ChessBase"]
[SourceDate "2023.10.10"]
[SourceVersion "1"]
[SourceVersionDate "2023.10.10"]
[SourceQuality "1"]

1. e4 c5 2. Nf3 e6 3. d3 Nc6 4. g3 d5 5. Nbd2 Nf6 6. Bg2 Be7 7. 0-0 b6 8. Re1 Bb7 9. e5 Nd7 10. Qe2 Qc7 11. Nf1 h6 12. h4 g5 13. hxg5 hxg5 14. Nxg5 Ndxe5 15. Bf4 Bd6 16. c3 d4 17. Nh2 0-0-0 18. c4 Ng6 1/2-1/2

[Event "Robecchetto op-B 20th"]
[Site "Robecchetto"]
[Date "2009.12.30"]
[Round "6"]
[White "Oteri, Aldo"]
[Black "Merlotti, Marco"]
[Result "0-1"]
[WhiteElo "1826"]
[BlackElo "1661"]
[PlyCount "62"]
[EventDate "2009.12.27"]
[EventType "swiss"]
[EventRounds "6"]
[EventCountry "ITA"]
[SourceTitle "EXT 2023"]
[Source "ChessBase"]
[SourceDate "2022.10.05"]
[SourceVersion "1"]
[SourceVersionDate "2022.10.05"]
[SourceQuality "1"]

1. e4 c5 2. Nf3 e6 3. d4 cxd4 4. Nxd4 Nf6 5. Nc3 d6 6. g4 h6 7. h4 Nc6 8. Rg1 d5 9. g5 hxg5 10. hxg5 Nxd4 11. gxf6 Qxf6 12. Bg5 Nf3+ 13. Qxf3 Qxf3 14. Be2 Qh3 15. 0-0-0 Qh2 16. exd5 a6 17. Be3 Bd6 18. dxe6 Bxe6 19. Bf3 0-0-0 20. Kb1 Be5 21. Rde1 Bxc3 22. bxc3 Qd6 23. Bc1 Qb6+ 24. Bb2 Rh4 25. Ka1 Qa5 26. a3 Ra4 27. c4 Rxa3+ 28. Bxa3 Qxa3+ 29. Kb1 Bxc4 30. Re3 Qa2+ 31. Kc1 Qa1# 0-1